000 00318nam a2200121Ia 4500
008 240731s9999 xx 000 0 und d
022 _a2230-3154
245 0 _aResearch and Reports in Biochemistry
260 _bDove Medical Press
856 _uhttps://www.tandfonline.com/loi/drbi20
942 _2ddc
942 _cTFEJ
999 _c79195
_d79195
945 _a1
_bMadushi Gamage
_c1
_dMadushi Gamage